Geologic Map Of The MTM-85280 Quadrangle, Planum Australe Region Of Mars... Miscellaneous Investigations Series... U.S. Department Of The Interior... 1998.

Bibliographic Details
Corporate Author: Geological Survey (U.S.)
Format: Government Document Map
Language:English
Published: [Place of publication not identified] : [publisher not identified], [1999?]

MARC

Tag First Indicator Second Indicator Subfields
LEADER 00000cem a22000007a 4500
001 in00000004498
005 20151007051207.0
008 990524s1999 xxu f000 0 eng
035 |a (OCoLC) 
035 |a tmp97225869 
035 |9 AJH1997AM 
040 |a MvI  |c MvI  |d UtOrBLW 
049 |a MAPS 
074 |a 0619-G-08 
086 0 |a I 19.91:I-2595 
245 0 0 |a Geologic Map Of The MTM-85280 Quadrangle, Planum Australe Region Of Mars... Miscellaneous Investigations Series... U.S. Department Of The Interior... 1998. 
264 1 |a [Place of publication not identified] :  |b [publisher not identified],  |c [1999?] 
336 |a cartographic image  |b cri  |2 rdacontent 
337 |a unmediated  |b n  |2 rdamedia 
338 |a unspecified  |b zu  |2 rdacarrier 
500 |a Shipping List #: 99-0499-M 
500 |a Shipping List Date: 05/21/99 
500 |a Cartographic material. 
710 2 |a Geological Survey (U.S.) 
999 |a MARS 
999 f f |s 2437ac1d-9e9f-33d1-b812-e2632377187e  |i 6746b22d-394f-3bb3-98d8-6a723069d86e  |t 0 
952 f f |p normal  |a Texas A&M University  |b College Station  |c Sterling C. Evans Library  |d Evans: Maps Fiche (2nd floor)  |t 0  |e I 19.91:I-2595  |h No information provided  |i unspecified -- unspecified  |m A14829488816 
998 f f |a I 19.91:I-2595  |t 0  |l Evans: Maps Fiche (2nd floor)